Hiragana Quiz Stats

 Plays Quiz not verified by Sporcle

Support Sporcle.
Go Orange.
Score 0/46 Timer 05:00
0 Plays Today
% Correct
N
64.8%
HI
64.1%
KU
63%
NO
62.7%
RU
62.7%
TO
62.6%
TSU
62.5%
SU
62.3%
TE
61.7%
SHI
61.4%
MA
61.3%
I
61.2%
HE
61.2%
E
61.1%
TA
61.1%
KA
60.2%
RO
60.1%
SO
60%
A
59.9%
SE
59.8%
YO
58.9%
CHI
58.5%
RA
58.5%
% Correct
YU
58.5%
U
58.3%
O
57%
FU
56.9%
NI
56.8%
MU
56.7%
MO
56.7%
KO
56.6%
NA
56.6%
YA
56.1%
HO
55.7%
KI
55.6%
NE
55.6%
MI
55.1%
RE
54.9%
NU
54.7%
ME
54.3%
KE
53.7%
HA
53.6%
RI
53.2%
SA
52.5%
WA
52.5%
WO
52.4%

You're not logged in!

Compare scores with friends on all Sporcle quizzes.
OR
Log In

From the Vault

Pick a Fish Blitz

by iglew

Historically, the word 'fish' has been tossed around lightly. That stops today.
Remove Ads.
Support Sporcle.
Get the best of Sporcle when you Go Orange. This ad-free experience offers more features, more stats, and more fun while also helping to support Sporcle. Thank you for becoming a member.

Show Comments

Extras

Top Quizzes Today


Score Distribution

Your Account Isn't Verified!

In order to create a playlist on Sporcle, you need to verify the email address you used during registration. Go to your Sporcle Settings to finish the process.

Report this User

Report this user for behavior that violates our Community Guidelines.

Details: